000 00634nam a2200241Ia 4500
003 OSt
005 20221006144533.0
006 a|||||r|||| 00| 0
007 ta
008 221006b |||||||| |||| 00| 0 eng d
020 _a0210222743
_c24.00
024 _a11,920
037 _cTextual
040 _aEASL
_cEASL
_beng
041 _2eng
_aeng
082 _aV41:192.N6, L1
100 _aChakravarti P C
245 0 _aEvolution of India northern borders
260 _aBombay
_bAsia Pub.
_c1971
300 _a179p.
_ccm.
942 _hV41:192.N6, L1
_cTEXL
_2CC
999 _c1080006
_d1080006